| 000 | 00714nam a2200241Ia 4500 | ||
|---|---|---|---|
| 003 | OSt | ||
| 005 | 20221005133558.0 | ||
| 006 | a|||||r|||| 00| 0 | ||
| 007 | ta | ||
| 008 | 221004b |||||||| |||| 00| 0 hin d | ||
| 024 | _a29490 | ||
| 037 | _cTextual | ||
| 040 |
_aCRL _cCRL _bhin |
||
| 041 |
_2hin _ahin |
||
| 082 | _aQ29I94, 152P01 | ||
| 100 | _aश्रीचन्द्र | ||
| 245 | 0 | _aनव-निधि, ज्ञानेन्द्र सिंह सम्पा | |
| 246 | _aNava-nidhi, jnyānendra sianha sampā | ||
| 260 | _c2000 | ||
| 300 |
_a124चण् _ccm. |
||
| 942 |
_hQ29I94, 152P01 _cTEXL _2cc |
||
| 999 |
_c1067271 _d1067271 |
||